Statistiche per Personaggi dell'Eneide

Clicka qui per fare il quiz!

Statistiche generali

  • Questo quiz è stato fatto 83 volte
  • Il punteggio medio è 7 su 14

Statistiche sulle risposte

IndizioPersonaggio% Corretto
Eroe troiano, protagonista del poemaEnea1
99%
Padre del precedenteAnchise2
79%
Regina di Cartagine che si innamora di (1)Didone6
70%
Figlio di (1) e (3)Iulo4
64%
Figlia del precedente, seconda moglie di (1)Lavinia8
60%
Dea che, per tutto il poema, tenta di ostacolare i troianiGiunone14
58%
Re dei rutuli, nemico di (1) e da lui ucciso in duello alla fine del poemaTurno13
54%
Prima moglie di (1), scomparsa la notte della caduta di TroiaCreusa3
51%
Re del Lazio, alleato di (1)Latino7
42%
Giovane troiano, amico di (10) morto durante la sortita notturnaNiso11
40%
Giovane troiano, amico di (11) morto durante la sortita notturnaEurialo10
39%
Regina dei volsci, valente guerriera e alleata di (13)Camilla12
37%
Greco, figlio di Evandro, alleato di (1) e (7), ucciso da (13)Pallante9
33%
Principe troiano, ucciso in Tracia e tramutatosi in cespuglioPolidoro5
24%

Distribuzione punteggi

Percentile per numero di risposta

Percentuale di utenti per punteggio

I tuoi punteggi nel tempo

Non hai fatto questo quiz